[Event "Olympiad-44"]
[Site "Chennai"]
[Date "2022.08.07"]
[Round "9.3"]
[White "Kalidjo, Imaan"]
[Black "Neto, Roberto"]
[Result "1-0"]
[WhiteElo "1819"]
[BlackElo "1663"]
[PlyCount "129"]
[EventDate "2022.07.29"]
[EventType "team-swiss"]
[EventRounds "11"]
[EventCountry "IND"]
[SourceTitle "CBM 210"]
[Source "ChessBase"]
[SourceDate "2022.10.31"]
[SourceVersion "1"]
[SourceVersionDate "2022.10.31"]
[SourceQuality "1"]
[WhiteTeam "Surinam"]
[BlackTeam "Guyana"]
[WhiteTeamCountry "SUR"]
[BlackTeamCountry "GUY"]

1. b3 e5 2. Bb2 Nc6 3. e3 Nf6 4. Bb5 d6 5. d4 exd4 6. exd4 a6 7. Bxc6+ bxc6 8. Nc3 Be7 9. Qd3 Bd7 10. Nf3 Nd5 11. 0-0 0-0 12. Ne2 Qc8 13. c4 Bf5 14. Qd2 Nf6 15. Ng3 Ne4 16. Qf4 Nxg3 17. fxg3 Bf6 18. Ne5 Bd7 19. Nd3 c5 20. dxc5 Bxb2 21. Nxb2 dxc5 22. Nd3 Qb7 23. Nxc5 Qb6 24. Qf2 Bc6 25. Rae1 f6 26. Ne6 Qxf2+ 27. Kxf2 Rf7 28. Rd1 Re7 29. Nd4 Be4 30. Rfe1 Rae8 31. Nf3 Kf7 32. Nd2 Bc6 33. Rxe7+ Rxe7 34. Nf3 Be4 35. Re1 Bg6 36. Rxe7+ Kxe7 37. Ke3 c5 38. Kd2 Kd6 39. Kc3 a5 40. a3 Be4 41. b4 cxb4+ 42. axb4 axb4+ 43. Kxb4 g5 44. g4 h6 45. c5+ Kd7 46. Kb5 Kc7 47. Kc4 f5 48. gxf5 Bxf5 49. Kd5 Bd3 50. Nd4 Bf1 51. g3 Bg2+ 52. Ke5 h5 53. Kf5 Bh3+ 54. Kxg5 Bg4 55. h3 Bxh3 56. Kxh5 Kd7 57. g4 Bg2 58. g5 Ke7 59. g6 Bd5 60. Kh6 Bg8 61. Kg7 Bd5 62. Kh8 Kf6 63. g7 Ke5 64. g8Q Bxg8 65. Kxg8 1-0

[Event "GUY-ch"]
[Site "Providence"]
[Date "2022.05.21"]
[Round "1"]
[White "Neto, Roberto"]
[Black "Lee, Ethan1111"]
[Result "0-1"]
[WhiteElo "1654"]
[BlackElo "1400"]
[PlyCount "87"]
[EventDate "2022.05.21"]
[EventType "tourn"]
[EventRounds "9"]
[EventCountry "GUY"]
[SourceTitle "EXT 2023"]
[Source "ChessBase"]
[SourceDate "2022.10.05"]
[SourceVersion "1"]
[SourceVersionDate "2022.10.05"]
[SourceQuality "1"]

1. e4 c6 2. d4 g6 3. Nf3 d5 4. exd5 cxd5 5. Bb5+ Bd7 6. Bd3 Bg7 7. 0-0 Bg4 8. c3 Nc6 9. h3 Bxf3 10. Qxf3 e6 11. Re1 Nge7 12. Nd2 0-0 13. Qe2 a6 14. Nf3 Qc8 15. Bf4 b5 16. a4 b4 17. cxb4 Nxb4 18. Rac1 Nec6 19. Bd6 Nxd3 20. Qxd3 Rd8 21. Bc5 Qb7 22. Re2 Bh6 23. Rb1 Nb4 24. Qa3 a5 25. Ne5 Rdc8 26. Qf3 Bg7 27. Nc4 Rc6 28. Nd6 Qd7 29. Nb5 Bf8 30. Bxb4 axb4 31. b3 Rac8 32. Qd3 Bh6 33. Rd1 Rc1 34. Rde1 R1c6 35. Kf1 Re8 36. Qf3 Rec8 37. Qd3 Bg7 38. f4 Qb7 39. g3 Qb8 40. Qd2 Bf8 41. g4 Rc2 42. Qe3 Bh6 43. g5 Bg7 44. Rc1 0-1